000 00344nam a2200109Ia 4500
008 200302s9999 xx 000 0 und d
100 _aDeborah Ascher Barnstone
245 _aThe Transparent State : Architecture And Politics In Postwar Germany
260 _bRoutledge Taylor & Francis Group, London and NewYork
260 _c2005
300 _a273 P
999 _c4936
_d4936